[Event "Bhubaneswar op-A 14th"]
[Site "Bhubaneswar"]
[Date "2023.06.13"]
[Round "4"]
[White "Majumder, Shrayan"]
[Black "Nirvan, Bhamidi"]
[Result "1-0"]
[WhiteElo "1843"]
[BlackElo "1499"]
[PlyCount "97"]
[EventDate "2023.06.11"]
[EventType "swiss"]
[EventRounds "10"]
[EventCountry "IND"]
[SourceTitle "CBM 214 Extra"]
[Source "ChessBase"]
[SourceDate "2023.07.31"]
[SourceVersion "1"]
[SourceVersionDate "2023.07.31"]
[SourceQuality "1"]

1. d4 Nf6 2. c4 e6 3. Nc3 Bb4 4. Bd2 0-0 5. Nf3 d5 6. e3 b6 7. cxd5 exd5 8. Bd3 c5 9. 0-0 Nc6 10. dxc5 bxc5 11. h3 Be6 12. a3 Ba5 13. Na4 Bxd2 14. Qxd2 c4 15. Bc2 Qc8 16. Nd4 Rd8 17. Nc3 Rb8 18. Nce2 Nxd4 19. Qxd4 Qb7 20. Rab1 Qe7 21. Rfd1 Rd7 22. Nf4 Rdb7 23. e4 dxe4 24. Bxe4 Nxe4 25. Qxe4 g6 26. Nxe6 Qxe6 27. Qd4 h5 28. Rdc1 Rc7 29. Rc2 Rbc8 30. Rbc1 Qb6 31. Qd2 Qf6 32. Qc3 Kg7 33. b3 Qxc3 34. Rxc3 Kf6 35. bxc4 Rc5 36. Kf1 Ke5 37. Ke2 Kd4 38. Rd3+ Ke5 39. Re3+ Kd4 40. Rd1+ Kxc4 41. Re7 Kb3 42. Rxa7 Rc2+ 43. Kf1 f5 44. Ra6 Ra2 45. Rxg6 Rcc2 46. Rg3+ Ka4 47. Rf3 Rxa3 48. Rd4+ Kb5 49. Rxa3 1-0